000 00430nam a2200169Ia 4500
001 26203
003 IN-NITTTR
005 20251114233330.0
008 251113s9999||||xx |||||||||||||| ||eng||
040 _beng
040 _cIN-NITTTR
041 _aeng
082 _a006.6 K89C
100 _aKrishnamoorthy, C. S.
245 0 _aComputer aided design :
_b software and analytical tools /
_cKrishnamoorthy, C. S.
942 _2ddc
_cBK
999 _c28832
_d28832